[Event "IECC CL2-1999.30"]
[Site "IECC email"]
[Date "1999.09.14"]
[Round "?"]
[White "Fiala, Martin"]
[Black "Stringer, Viv"]
[Result "1/2-1/2"]
[WhiteElo "2123"]
[BlackElo "2075"]
[PlyCount "55"]
[EventDate "1999.??.??"]
[EventType "tourn (corr)"]
[EventRounds "4"]
[SourceTitle "Corr 2008"]
[Source "ChessBase"]
[SourceDate "2008.06.24"]
[SourceVersion "1"]
[SourceVersionDate "2008.06.24"]
[SourceQuality "1"]

1. d4 d5 2. Nf3 c5 3. dxc5 e6 4. e4 Bxc5 5. exd5 exd5 6. Nbd2 Nf6 7. Nb3 Bb6 8. Be2 0-0 9. 0-0 Ne4 10. Nfd4 Nc6 11. c3 Re8 12. Be3 Bc7 13. Nb5 Bb8 14. Nd2 a6 15. Nxe4 axb5 16. Ng3 b4 17. Bf3 bxc3 18. bxc3 Be6 19. Qb1 Ne5 20. Be2 Nc4 21. Bxc4 dxc4 22. Qxb7 Be5 23. Ne2 Bd5 24. Qb2 Qd6 25. h3 Qg6 26. f3 Qd3 27. Qd2 Bd6 28. Nf4 1/2-1/2

[Event "IECC CL2-1999.30"]
[Site "IECC email"]
[Date "1999.09.14"]
[Round "?"]
[White "Glew, David"]
[Black "Fiala, Martin"]
[Result "1/2-1/2"]
[WhiteElo "1954"]
[BlackElo "2121"]
[PlyCount "58"]
[EventDate "1999.??.??"]
[EventType "tourn (corr)"]
[EventRounds "4"]
[SourceTitle "Corr 2008"]
[Source "ChessBase"]
[SourceDate "2008.06.24"]
[SourceVersion "1"]
[SourceVersionDate "2008.06.24"]
[SourceQuality "1"]

1. d4 d5 2. c4 c6 3. Nf3 Nf6 4. Nc3 e6 5. Bg5 Nbd7 6. cxd5 exd5 7. e3 Bd6 8. Bd3 0-0 9. Qc2 h6 10. Bh4 Re8 11. 0-0 Nf8 12. Rfe1 Bg4 13. Nd2 Bh5 14. Rac1 g5 15. Bg3 Bg6 16. Bxg6 Nxg6 17. Bxd6 Qxd6 18. Ne2 Nh5 19. a3 a5 20. Nb3 Qc7 21. h3 Kg7 22. Red1 Re7 23. Nc5 Rae8 24. Re1 Ngf4 25. Nc3 Ng6 26. b4 axb4 27. axb4 Qc8 28. b5 g4 29. Qd1 Nf6 1/2-1/2